[Event "Oberliga Wuerttemberg 1213"]
[Site "Wuerttemberg"]
[Date "2013.03.24"]
[Round "8.4"]
[White "Naumann, Axel"]
[Black "Mareck, Sascha"]
[Result "1/2-1/2"]
[WhiteElo "2134"]
[BlackElo "2175"]
[PlyCount "104"]
[EventDate "2012.09.30"]
[EventType "team-tourn"]
[EventRounds "9"]
[EventCountry "GER"]
[SourceTitle "EXT 2019"]
[Source "ChessBase"]
[SourceDate "2018.10.10"]
[SourceVersion "1"]
[SourceVersionDate "2018.10.10"]
[SourceQuality "1"]
[WhiteTeam "Stuttgart SF II"]
[BlackTeam "Deizisau"]
[WhiteTeamCountry "GER"]
[BlackTeamCountry "GER"]

1. e4 c5 2. Nf3 d6 3. d4 cxd4 4. Nxd4 Nf6 5. Nc3 a6 6. Bg5 e6 7. f4 Nc6 8. Nb3 h6 9. Bxf6 Qxf6 10. Qf3 Bd7 11. 0-0-0 Rc8 12. h4 Be7 13. Be2 b5 14. g4 g5 15. hxg5 hxg5 16. Rxh8+ Qxh8 17. e5 d5 18. Rh1 Qg7 19. Rh5 Rb8 20. Bd3 Nb4 21. Rh7 Qg8 22. Qh3 Nxd3+ 23. cxd3 Qg6 24. Rh8+ Bf8 25. Nc5 Rc8 26. Nxd7 Kxd7 27. f5 exf5 28. gxf5 g4 29. fxg6 gxh3 30. Kd1 fxg6 31. Nxd5 Bc5 32. Rxh3 Ke6 33. Nf6 Bd4 34. b3 Bxe5 35. Ne4 Bf4 36. Rh7 Kf5 37. a4 bxa4 38. bxa4 Kg4 39. Nd2 Rd8 40. Ke2 Bxd2 41. Kxd2 Rd4 42. Kc3 Rxa4 43. d4 g5 44. d5 Ra1 45. d6 Rd1 46. Rd7 Kf3 47. Rd8 g4 48. d7 Kg2 49. Kb4 g3 50. Ka5 Rd6 51. Kb4 Kg1 52. Kc5 Rd2 1/2-1/2

[Event "Oberliga Wuerttemberg 1112"]
[Site "Wuerttemberg"]
[Date "2011.12.11"]
[Round "4.5"]
[White "Naumann, Axel"]
[Black "Kolb, Wolfgang"]
[Result "1-0"]
[WhiteElo "2180"]
[BlackElo "2099"]
[PlyCount "79"]
[EventDate "2011.10.09"]
[EventType "team-tourn"]
[EventRounds "9"]
[EventCountry "GER"]
[SourceTitle "EXT 2019"]
[Source "ChessBase"]
[SourceDate "2018.10.10"]
[SourceVersion "1"]
[SourceVersionDate "2018.10.10"]
[SourceQuality "1"]
[WhiteTeam "Stuttgart SF"]
[BlackTeam "Willsbach"]
[WhiteTeamCountry "GER"]
[BlackTeamCountry "GER"]

1. e4 e6 2. d4 d5 3. Nc3 Nf6 4. Bg5 Be7 5. e5 Nfd7 6. Bxe7 Qxe7 7. Qh5 Nf8 8. 0-0-0 Bd7 9. f4 h6 10. h4 Nc6 11. Qf3 0-0-0 12. f5 Nh7 13. Qe3 Kb8 14. Nf3 Bc8 15. fxe6 Bxe6 16. Bb5 Na5 17. a3 a6 18. Bd3 b5 19. b4 Nc4 20. Bxc4 bxc4 21. Na4 Ka7 22. Nd2 Bc8 23. Nc5 Rhe8 24. Rde1 Nf8 25. Nb1 Ne6 26. Nc3 Nxc5 27. bxc5 Bg4 28. Rhf1 Qe6 29. Qg3 Re7 30. Kd2 h5 31. Rb1 Rb8 32. Rxb8 Kxb8 33. Qf4 Qd7 34. Qg5 g6 35. c6 Qe8 36. Rb1+ Kc8 37. Nxd5 Re6 38. Kc3 a5 39. Rb5 f6 40. exf6 1-0

[Event "Deizisau op 6th"]
[Site "Deizisau"]
[Date "2011.11.01"]
[Round "7"]
[White "Naumann, Axel"]
[Black "Sanikidze, Tornike"]
[Result "0-1"]
[WhiteElo "2180"]
[BlackElo "2530"]
[PlyCount "42"]
[EventDate "2011.10.29"]
[EventType "swiss"]
[EventRounds "7"]
[EventCountry "GER"]
[SourceTitle "EXT 2012"]
[Source "ChessBase"]
[SourceDate "2011.11.24"]
[SourceVersion "1"]
[SourceVersionDate "2011.11.24"]
[SourceQuality "1"]

1. c4 g6 2. Nc3 Bg7 3. Nf3 d6 4. d4 Nf6 5. g3 0-0 6. Bg2 Nc6 7. 0-0 a6 8. b3 Rb8 9. d5 Na5 10. Nd4 Bd7 11. Qd3 Ng4 12. Bb2 c5 13. dxc6 bxc6 14. h3 Ne5 15. Qc2 Nexc4 16. Nxc6 Bxc6 17. bxc4 Bxg2 18. Kxg2 Nxc4 19. Rab1 Nxb2 20. Rxb2 Rxb2 21. Qxb2 Qa8+ 0-1

[Event "Deizisau op 6th"]
[Site "Deizisau"]
[Date "2011.10.31"]
[Round "6"]
[White "Weiler, Dieter"]
[Black "Naumann, Axel"]
[Result "0-1"]
[WhiteElo "2179"]
[BlackElo "2180"]
[PlyCount "71"]
[EventDate "2011.10.29"]
[EventType "swiss"]
[EventRounds "7"]
[EventCountry "GER"]
[SourceTitle "EXT 2012"]
[Source "ChessBase"]
[SourceDate "2011.11.24"]
[SourceVersion "1"]
[SourceVersionDate "2011.11.24"]
[SourceQuality "1"]

1. d4 Nf6 2. c4 e6 3. g3 d5 4. Nf3 Be7 5. Bg2 0-0 6. 0-0 Ne4 7. Nbd2 f5 8. Ne5 Nd7 9. Nxd7 Qxd7 10. Nf3 Qe8 11. Qb3 c6 12. Ne5 Bf6 13. Be3 Nd6 14. c5 Nf7 15. Qc3 Nxe5 16. dxe5 Bd8 17. Rac1 Bd7 18. f3 b6 19. Kh1 Bc7 20. Bd4 f4 21. gxf4 Rxf4 22. Bf2 Rc4 23. Qe3 Rxc1 24. Rxc1 bxc5 25. b3 a5 26. f4 Qf8 27. Qd2 Bxe5 28. fxe5 Qxf2 29. a4 Qd4 30. Qg5 Re8 31. e3 Qd3 32. e4 h6 33. Qh4 Qxb3 34. Rf1 Qb8 35. Rg1 Qxe5 36. Bf1 0-1

[Event "Oberliga Wuerttemberg 1011"]
[Site "Wuerttemberg"]
[Date "2011.01.23"]
[Round "5"]
[White "Naumann, Axel"]
[Black "Junger, Werner"]
[Result "1/2-1/2"]
[WhiteElo "2160"]
[BlackElo "2190"]
[PlyCount "81"]
[EventDate "2010.09.26"]
[EventType "team-tourn"]
[EventRounds "9"]
[EventCountry "GER"]
[SourceTitle "EXT 2019"]
[Source "ChessBase"]
[SourceDate "2018.10.10"]
[SourceVersion "1"]
[SourceVersionDate "2018.10.10"]
[SourceQuality "1"]
[WhiteTeam "Stuttgart SF"]
[BlackTeam "Ebersbach"]
[WhiteTeamCountry "GER"]
[BlackTeamCountry "GER"]

1. Nf3 Nf6 2. d4 g6 3. c4 Bg7 4. Nc3 0-0 5. g3 d6 6. Bg2 Nbd7 7. 0-0 e5 8. b3 Re8 9. e3 c6 10. a4 a5 11. Ba3 Bf8 12. Qd2 e4 13. Ng5 d5 14. Bxf8 Nxf8 15. cxd5 cxd5 16. Nb5 h6 17. Nh3 Bg4 18. Rfc1 Re7 19. Nf4 g5 20. Ne2 Ne8 21. h3 Be6 22. b4 axb4 23. Qxb4 f5 24. Rc2 Ng6 25. f4 exf3 26. Bxf3 Bf7 27. Ra3 Qd7 28. Kh2 Ra6 29. Rac3 Rc6 30. a5 Rxe3 31. Rxe3 Rxc2 32. Qb3 Rc8 33. Nec3 Nf6 34. Na4 Re8 35. Rxe8+ Bxe8 36. Nbc3 Bf7 37. Nc5 Qe7 38. Nxd5 Nxd5 39. Bxd5 Qe2+ 40. Kg1 Qe1+ 41. Kg2 1/2-1/2

[Event "Staufer op 23rd"]
[Site "Leinzell"]
[Date "2011.01.02"]
[Round "3"]
[White "Naumann, Axel"]
[Black "Rau, Hannes"]
[Result "0-1"]
[WhiteElo "2169"]
[BlackElo "2449"]
[PlyCount "71"]
[EventDate "2011.01.02"]
[EventType "swiss"]
[EventRounds "9"]
[EventCountry "GER"]
[SourceTitle "CBM 140 Extra"]
[Source "ChessBase"]
[SourceDate "2011.03.01"]
[SourceVersion "1"]
[SourceVersionDate "2011.03.01"]
[SourceQuality "1"]

1. e4 c5 2. Nf3 Nc6 3. d4 cxd4 4. Nxd4 Nf6 5. Nc3 d6 6. Bg5 e6 7. Qd2 a6 8. 0-0-0 Bd7 9. Bxf6 Qxf6 10. Qe3 Rc8 11. f4 Nxd4 12. Rxd4 d5 13. e5 Qd8 14. Qg3 f5 15. Be2 g6 16. h4 Bc5 17. Rd2 Rg8 18. h5 g5 19. h6 Kf8 20. Rh5 Be7 21. Bd3 Be8 22. Rh3 gxf4 23. Qf3 Qa5 24. Bxf5 exf5 25. Rxd5 Qb6 26. Qd3 Rg5 27. Rd4 Bb5 28. Qd2 Rc4 29. Rxc4 Bxc4 30. b3 Be6 31. Kb2 Qb4 32. Rd3 Rg3 33. Rd4 Qxc3+ 34. Qxc3 Ba3+ 35. Kxa3 Rxc3 36. Kb2 0-1

[Event "Deizisau op 5th"]
[Site "Deizisau"]
[Date "2010.11.01"]
[Round "6"]
[White "Naumann, Axel"]
[Black "Kunert, Guenter"]
[Result "1/2-1/2"]
[WhiteElo "2160"]
[BlackElo "2038"]
[PlyCount "130"]
[EventDate "2010.10.29"]
[EventType "swiss"]
[EventRounds "7"]
[EventCountry "GER"]
[SourceTitle "EXT 2011"]
[Source "ChessBase"]
[SourceDate "2010.11.26"]
[SourceVersion "1"]
[SourceVersionDate "2010.11.26"]
[SourceQuality "1"]

1. e4 c5 2. Nf3 Nc6 3. d4 cxd4 4. Nxd4 Nf6 5. Nc3 d6 6. Bg5 e6 7. Qd2 Be7 8. f4 0-0 9. 0-0-0 a6 10. Be2 Qc7 11. g4 Nxd4 12. Qxd4 e5 13. Qd3 exf4 14. Bxf4 Be6 15. g5 Ne8 16. h4 b5 17. Nd5 Bxd5 18. Qxd5 Rc8 19. Qb3 Qd7 20. Kb1 Rc6 21. h5 Qe6 22. g6 Qxb3 23. gxh7+ Kxh7 24. axb3 Bf6 25. Rd5 Be7 26. Bd3 Nc7 27. Rf5 Ne6 28. Bg3 Nc5 29. Rd1 Nxd3 30. Rxd3 f6 31. Rfd5 Rd8 32. c3 Kg8 33. Ka2 Kf7 34. Ka3 Ke6 35. Bf2 Rb8 36. Rg3 Bf8 37. b4 Rc4 38. Bd4 Rc6 39. Rf5 Rc7 40. h6 Rf7 41. Rg6 gxh6 42. Bxf6 Kd7 43. Kb3 Re8 44. e5 Re6 45. exd6 Rxd6 46. Kc2 h5 47. Rxh5 Rfxf6 48. Rh7+ Kc6 49. Rg2 Rd7 50. Rh3 Rdf7 51. Kb3 Rf2 52. Rxf2 Rxf2 53. Rg3 Bd6 54. Rg6 Rd2 55. Rh6 Rf2 56. Rg6 Kd5 57. Rg1 Bf4 58. Rd1+ Ke4 59. Ra1 Kd3 60. Rd1+ Bd2 61. Ra1 Rg2 62. Rxa6 Bc1 63. Rd6+ Ke4 64. c4 Bf4 65. Rc6 bxc4+ 1/2-1/2

[Event "Deizisau op 5th"]
[Site "Deizisau"]
[Date "2010.10.31"]
[Round "4"]
[White "Meijers, Viesturs"]
[Black "Naumann, Axel"]
[Result "1-0"]
[WhiteElo "2470"]
[BlackElo "2160"]
[PlyCount "49"]
[EventDate "2010.10.29"]
[EventType "swiss"]
[EventRounds "7"]
[EventCountry "GER"]
[SourceTitle "EXT 2011"]
[Source "ChessBase"]
[SourceDate "2010.11.26"]
[SourceVersion "1"]
[SourceVersionDate "2010.11.26"]
[SourceQuality "1"]

1. d4 Nf6 2. Bg5 c5 3. Bxf6 gxf6 4. d5 d6 5. c4 Bg7 6. Nc3 a6 7. e3 Bf5 8. Nge2 Qa5 9. Ng3 Bd7 10. Nh5 Bh6 11. Bd3 b5 12. 0-0 bxc4 13. Bxc4 Qb4 14. Qd3 Bg4 15. a3 Qb7 16. Nxf6+ exf6 17. Qe4+ Kf8 18. Qxg4 Qxb2 19. Ne4 Qe5 20. Ng3 Ra7 21. Rab1 Nd7 22. Rb3 Rg8 23. Qh3 Bg7 24. Rfb1 Qe8 25. Nf5 1-0

[Event "Oberliga Wuerttemberg 1011"]
[Site "Wuerttemberg"]
[Date "2010.10.17"]
[Round "2"]
[White "Naumann, Axel"]
[Black "Remmler, Hans Peter"]
[Result "1-0"]
[WhiteElo "2160"]
[BlackElo "2209"]
[PlyCount "51"]
[EventDate "2010.09.26"]
[EventType "team-tourn"]
[EventRounds "9"]
[EventCountry "GER"]
[SourceTitle "EXT 2019"]
[Source "ChessBase"]
[SourceDate "2018.10.10"]
[SourceVersion "1"]
[SourceVersionDate "2018.10.10"]
[SourceQuality "1"]
[WhiteTeam "Stuttgart SF"]
[BlackTeam "Boeblingen II"]
[WhiteTeamCountry "GER"]
[BlackTeamCountry "GER"]

1. e4 c5 2. Nf3 Nc6 3. d4 cxd4 4. Nxd4 Nf6 5. Nc3 d6 6. Bg5 e6 7. f4 Be7 8. Ndb5 a6 9. Bxf6 gxf6 10. Nd4 Qb6 11. Nxc6 bxc6 12. Qd2 Qxb2 13. Rb1 Qa3 14. Rb3 Qa5 15. Be2 h5 16. 0-0 d5 17. exd5 cxd5 18. Kh1 f5 19. Qd4 Rh7 20. Rfb1 Qc7 21. Na4 Bd7 22. Rb7 Qxc2 23. Nc3 Rc8 24. Rb8 Bd8 25. Rxc8 Bxc8 26. Bd1 1-0

[Event "Stuttgart-chA int"]
[Site "Ditzingen"]
[Date "2010.05.13"]
[Round "1"]
[White "Geigle, Bruno"]
[Black "Naumann, Axel"]
[Result "1-0"]
[WhiteElo "1981"]
[BlackElo "2209"]
[PlyCount "64"]
[EventDate "2010.05.13"]
[EventType "swiss"]
[EventRounds "7"]
[EventCountry "GER"]
[SourceTitle "EXT 2018"]
[Source "ChessBase"]
[SourceDate "2017.10.13"]
[SourceVersion "1"]
[SourceVersionDate "2017.10.13"]
[SourceQuality "1"]

1. e4 c5 2. Nf3 Nc6 3. d4 cxd4 4. Nxd4 Nf6 5. Nc3 e5 6. Ndb5 d6 7. Bg5 a6 8. Na3 b5 9. Nd5 Be7 10. Bxf6 Bxf6 11. c3 0-0 12. Nc2 Bg5 13. a4 bxa4 14. Rxa4 a5 15. Bc4 Kh8 16. Nce3 Bxe3 17. Nxe3 Ne7 18. 0-0 Be6 19. Bxe6 fxe6 20. Nc4 Nc8 21. Qa1 Nb6 22. Nxb6 Qxb6 23. b4 d5 24. bxa5 Qc5 25. Qa3 Rfc8 26. Qxc5 Rxc5 27. exd5 exd5 28. a6 Ra7 29. Rb1 h6 30. Rb7 Rxc3 31. g3 Rc7 32. Rxc7 Rxc7 1-0

[Event "Gibraltar Masters 8th"]
[Site "Caleta"]
[Date "2010.02.04"]
[Round "10"]
[White "Sarkar, Justin"]
[Black "Naumann, Axel"]
[Result "1/2-1/2"]
[WhiteElo "2378"]
[BlackElo "2258"]
[PlyCount "96"]
[EventDate "2010.01.26"]
[EventType "swiss"]
[EventRounds "10"]
[EventCountry "GGB"]
[SourceTitle "CBM 134 Extra"]
[Source "ChessBase"]
[SourceDate "2010.03.03"]
[SourceVersion "1"]
[SourceVersionDate "2010.03.03"]
[SourceQuality "1"]

1. d4 Nf6 2. c4 e6 3. Nc3 Bb4 4. Qc2 0-0 5. a3 Bxc3+ 6. Qxc3 d5 7. Bg5 dxc4 8. Qxc4 b6 9. Rd1 Ba6 10. Qc2 Nbd7 11. e4 Bxf1 12. Kxf1 Qc8 13. Ne2 Qb7 14. f3 Rac8 15. Nc3 c5 16. dxc5 Rxc5 17. Qd2 Rfc8 18. Kf2 b5 19. Bxf6 Nxf6 20. Qd8+ Ne8 21. Qa5 a6 22. Rhe1 R5c6 23. Re2 Qb8 24. e5 h6 25. Rd7 R8c7 26. Rxc7 Nxc7 27. Qb4 Qb6+ 28. Kf1 Nd5 29. Nxd5 exd5 30. Qd2 Rc4 31. g3 Rd4 32. Qc2 Rc4 33. Qd2 Qc5 34. Kg2 Rc1 35. Kh3 Qc4 36. e6 fxe6 37. Rxe6 Qc8 38. g4 Qxe6 39. Qxc1 d4 40. Kg3 d3 41. Qd2 Qd6+ 42. Kf2 Qd4+ 43. Kf1 a5 44. Qc3 Qd7 45. Kf2 Qa7+ 46. Kf1 Qd7 47. Kf2 Qa7+ 48. Kf1 Qd7 1/2-1/2

[Event "Boeblingen op 26th"]
[Site "Boeblingen"]
[Date "2009.12.28"]
[Round "4"]
[White "Naumann, Axel"]
[Black "Donchenko, Alexander"]
[Result "1/2-1/2"]
[WhiteElo "2258"]
[BlackElo "2067"]
[PlyCount "123"]
[EventDate "2009.12.26"]
[EventType "swiss"]
[EventRounds "9"]
[EventCountry "GER"]
[SourceTitle "CBM 134 Extra"]
[Source "ChessBase"]
[SourceDate "2010.03.03"]
[SourceVersion "1"]
[SourceVersionDate "2010.03.03"]
[SourceQuality "1"]

1. e4 d6 2. d4 Nf6 3. Nc3 g6 4. f3 c6 5. a4 Nbd7 6. Be3 e5 7. Qd2 Bg7 8. dxe5 dxe5 9. Bc4 Qe7 10. Qf2 b6 11. Nge2 0-0 12. 0-0 Rd8 13. Nc1 Qb4 14. Bb3 Ba6 15. Rd1 Nf8 16. N1a2 Qe7 17. a5 c5 18. Nd5 Nxd5 19. Bxd5 Bb7 20. Nc3 Ne6 21. a6 Bxd5 22. Nxd5 Qf8 23. c3 Rac8 24. Rd2 Nc7 25. Rad1 Nxd5 26. Rxd5 Rxd5 27. Rxd5 Rd8 28. Qd2 Bf6 29. Kf1 Qe7 30. Rxd8+ Qxd8 31. Qxd8+ Bxd8 32. Ke2 Kf8 33. Kd3 Ke7 34. Kc4 Kd6 35. Kb5 Kc7 36. Bh6 Be7 37. f4 Bd6 38. g3 f6 39. b4 cxb4 40. cxb4 Kd7 41. Kc4 Ke6 42. fxe5 Bxe5 43. Be3 Bc7 44. Kb5 Kd7 45. Bd4 Bd8 46. e5 fxe5 47. Bxe5 Bc7 48. Bd4 Bd8 49. Be3 Bc7 50. Kc4 Ke6 51. Kd4 Bd6 52. Ke4 Bc7 53. Bg5 Bb8 54. Be3 Bc7 55. b5 Bb8 56. g4 Bc7 57. h4 Bb8 58. h5 Bc7 59. hxg6 hxg6 60. Bg5 Bb8 61. Be3 Bc7 62. Bg5 1/2-1/2

[Event "BL2-Sued 0910"]
[Site "Germany"]
[Date "2009.12.13"]
[Round "4.7"]
[White "Zueger, Beat"]
[Black "Naumann, Axel"]
[Result "1/2-1/2"]
[WhiteElo "2436"]
[BlackElo "2258"]
[PlyCount "57"]
[EventDate "2009.10.18"]
[EventType "team-tourn"]
[EventRounds "9"]
[EventCountry "GER"]
[SourceTitle "EXT 2011"]
[Source "ChessBase"]
[SourceDate "2010.11.26"]
[SourceVersion "1"]
[SourceVersionDate "2010.11.26"]
[SourceQuality "1"]
[WhiteTeam "Schwegenheim"]
[BlackTeam "Stuttgart"]
[WhiteTeamCountry "GER"]
[BlackTeamCountry "GER"]

1. c4 e5 2. g3 c6 3. d4 exd4 4. Qxd4 d5 5. Bg2 dxc4 6. Qxc4 Be6 7. Qc2 Nf6 8. Nf3 Be7 9. 0-0 h6 10. Rd1 Qc8 11. Nc3 0-0 12. b3 Na6 13. Bb2 Nb4 14. Qc1 Rd8 15. a3 Rxd1+ 16. Qxd1 Nbd5 17. Qc2 Nxc3 18. Qxc3 Bd5 19. Re1 Be4 20. Qe3 Qe8 21. Nd4 Bxg2 22. Kxg2 Bc5 23. Qf3 Qe5 24. Rd1 Re8 25. e3 Ne4 26. h4 Bxd4 27. Rxd4 Qe6 28. b4 b6 29. Qf4 1/2-1/2